| 000 | 00364nam a2200133Ia 4500 | ||
|---|---|---|---|
| 008 | 220217s9999||||xx |||||||||||||| ||und|| | ||
| 020 | _a81-265-0287-8 | ||
| 082 | _a005.13 MAR | ||
| 100 |
_aMarshall.J.J Saeed, Zed _93429 |
||
| 245 | 0 | _aAfter effects 5/5.5 bible | |
| 260 |
_aDreamtech india _bDelhi _c2002 |
||
| 300 | _b599 | ||
| 650 | _aPROGRAMMING LANGUAGE | ||
| 999 |
_c171891 _d171891 |
||